Biometrical Genetics: (Record no. 294945)
[ view plain ]
| 000 -LEADER | |
|---|---|
| fixed length control field | 00643nam a2200193 4500 |
| 003 - CONTROL NUMBER IDENTIFIER | |
| control field | OSt |
| 005 - DATE AND TIME OF LATEST TRANSACTION | |
| control field | 20250801111254.0 |
| 008 - FIXED-LENGTH DATA ELEMENTS--GENERAL INFORMATION | |
| fixed length control field | 240430b |||||||| |||| 00| 0 eng d |
| 020 ## - INTERNATIONAL STANDARD BOOK NUMBER | |
| International Standard Book Number | 9788184871555 |
| 082 ## - DEWEY DECIMAL CLASSIFICATION NUMBER | |
| Classification number | 576.5 |
| 100 ## - MAIN ENTRY--PERSONAL NAME | |
| Personal name | Roy,Darbeshwar |
| 245 ## - TITLE STATEMENT | |
| Title | Biometrical Genetics: |
| Remainder of title | Analysis of Quantitative Variation |
| 250 ## - EDITION STATEMENT | |
| Edition statement | 1st ed. |
| 260 ## - PUBLICATION, DISTRIBUTION, ETC. (IMPRINT) | |
| Place of publication, distribution, etc. | New Delhi; |
| Name of publisher, distributor, etc. | Narosa Publishing House, |
| Date of publication, distribution, etc. | 2012. |
| 300 ## - PHYSICAL DESCRIPTION | |
| Extent | Vii,1.8, 2.22, 3.11, 4.23, 5.12, 6.24, 7.22, 8.36, 9.16, 10.14, 11.21, 12.20, 13.11, 14.5, 15.4, 16.9, 17.5, 18.4, 19.19, 20.18, 21.35, 22.6, 23.1 p. Index I.1-I.5 |
| 650 ## - SUBJECT ADDED ENTRY--TOPICAL TERM | |
| Topical term or geographic name as entry element | Genetics |
| 942 ## - ADDED ENTRY ELEMENTS (KOHA) | |
| Koha item type | Books (General) |
| 942 ## - ADDED ENTRY ELEMENTS (KOHA) | |
| Source of classification or shelving scheme | Dewey Decimal Classification |
| Suppress in OPAC | 0 |
| Withdrawn status | Lost status | Source of classification or shelving scheme | Damaged status | Not for loan | Home library | Current library | Date acquired | Total Checkouts | Full call number | Barcode | Date last seen | Price effective from | Koha item type |
|---|---|---|---|---|---|---|---|---|---|---|---|---|---|
| Dewey Decimal Classification | College of Agriculture, Wayanad | College of Agriculture, Wayanad | 30/04/2024 | 576.5 ROY/BI | KAU_COAW-002750 | 30/04/2024 | 30/04/2024 | Books (General) | |||||
| Dewey Decimal Classification | College of Agriculture, Wayanad | College of Agriculture, Wayanad | 30/04/2024 | 576.5 ROY/BI | KAU_COAW-002751 | 30/04/2024 | 30/04/2024 | Books (General) |
